|
|
|
|
| LEADER |
00975nam a2200289 a 4500 |
| 001 |
1960840 |
| 003 |
OSt |
| 005 |
20201130193028.0 |
| 008 |
870522t19821974au a b 001 0 ger c |
| 010 |
|
|
|a 87672869
|
| 020 |
|
|
|a 3203508192 (pbk.)
|
| 040 |
|
|
|a MH
|c MH
|d DLC
|
| 043 |
|
|
|a e-au---
|
| 050 |
1 |
4 |
|a JN2012.3
|b .F57x 1982
|
| 082 |
|
|
|a 320.9436
|b POL
|
| 245 |
0 |
4 |
|a Das Politische System Österreichs /
|c Heinz Fischer (Hrsg.).
|
| 246 |
|
|
|a The Political System of Austria /
|
| 250 |
|
|
|a 3. erg. Aufl.
|
| 260 |
|
|
|a Wien :
|b Europaverlag,
|c 1982, c1974.
|
| 300 |
|
|
|a 691 p. :
|b ill. ;
|c 21 cm.
|
| 504 |
|
|
|a Includes bibliographies and index.
|
| 651 |
|
0 |
|a Austria
|x Politics and government
|y 1945-
|
| 700 |
1 |
|
|a Fischer, Heinz,
|d 1938-
|
| 906 |
|
|
|a 7
|b cbc
|c orignew
|d u
|e ncip
|f 19
|g y-gencatlg
|
| 942 |
|
|
|2 ddc
|c BK
|
| 999 |
|
|
|c 315298
|d 315298
|
| 952 |
|
|
|0 0
|1 0
|2 ddc
|4 0
|6 320_943600000000000_POL
|7 0
|9 337229
|a GER
|b GER
|d 2020-11-30
|l 0
|o 320.9436 POL
|p GER9667
|r 2020-11-30
|w 2020-11-30
|y BK
|